| 000 | 00430nam a2200157Ia 4500 | ||
|---|---|---|---|
| 003 | GCL | ||
| 008 | 140319s9999 xx 000 0 eng d | ||
| 040 |
_aGCL / _cGCL |
||
| 082 | 0 | 4 |
_a620.1 _bI G |
| 100 | 1 | _aIACOCCO, LEE | |
| 245 | 1 | 0 |
_aGRAIN BOUNDARY CONTROLLED PROPERITIES OF FINE CERAMICS / _cIACOCCO, LEE |
| 260 |
_a[S.N] : _bMACMILLAN PUBLISHING COMPANY ، _c1992 |
||
| 300 | _a312 | ||
| 650 | 0 | 4 | _aCERAMICS |
| 942 |
_2ddc _cBK |
||
| 999 |
_c16744 _d16744 |
||